000 00450nam a22001697a 4500
005 20251108164715.0
008 250721s1983 xx 000 0 ara d
082 1 4 _a801.95/زكي
100 1 _aمحمود، زكي نجيب
245 1 0 _aفي فلسفة النقد /
250 _aط2.
264 1 _aالقاهرة :
_bدار الشروق،
_c1983.
300 _a251ص
650 1 7 _aالنقد الأدبي
942 _2ddc
_cBK
999 _c12356
_d12356